000 00401nam a2200181Ia 4500
001 12127
005 20250626030254.0
008 211022s9999 xx 000 0 und d
020 _a0195083792
082 _a720.9 KOS
100 _aKostof, Spiro
245 0 _aHistory of architecture
260 _aNew York
260 _bOxford University Press
260 _c1995
300 _a776
942 _cBK
999 _c9560
_d9560